Načítá se...

Transporting epithelia /

Podrobná bibliografie
Hlavní autor: Berridge, Michael J.
Další autoři: Oschman, James L.
Médium: Printed Book
Jazyk:English
Vydáno: New York : Academic Press, 1972.
LEADER 00496nam a2200145Ia 4500
008 150624b xxu||||| |||| 00| 0 eng d
082 |a 571.551 
100 |a Berridge, Michael J. 
245 |a Transporting epithelia /  |c Michael J. Berridge 
260 |a New York :  |b Academic Press,  |c 1972. 
300 |a 91 p. 
700 |a Oschman, James L. 
942 |c BK 
999 |c 12092  |d 12092 
952 |0 0  |1 0  |4 0  |6 571_551000000000000_BER_T  |7 0  |9 12091  |a UL  |b UL  |c SEC  |d 1998-09-07  |l 0  |o 571.551 BER/T  |p 18105  |r 2012-10-27  |w 2012-10-27  |y BK